LEADER 00833nam0-22002891i-450- 001 990005455700403321 005 20050715124313.0 035 $a000545570 035 $aFED01000545570 035 $a(Aleph)000545570FED01 035 $a000545570 100 $a19990604d1969----km-y0itay50------ba 101 0 $aeng 105 $ay-------001yy 200 1 $aOrange and Stuart 1641-72$fPieter Geyl$gtranslated by Arnold Pomerans 210 $aLondon$cWeidenfeld and Nicolson$d1969 215 $aXI, 443 p.$d22 cm 676 $a949.204$v21$zita 700 1$aGeyl,$bPieter$0159696 702 1$aPomerans,$bArnold 801 0$aIT$bUNINA$gRICA$2UNIMARC 901 $aBK 912 $a990005455700403321 952 $a949.204 GEY 1$bST.MED.MOD. 6791$fFLFBC 959 $aFLFBC 996 $aOrange and Stuart 1641-72$9588755 997 $aUNINA LEADER 01374nam0 2200289 i 450 001 SUN0035455 005 20091014120000.0 010 $a06-910244-0-5 100 $a20050418d1973 |0engc50 ba 101 $aeng 102 $aUS 105 $a|||| ||||| 200 1 $aAircraft dynamics and automatic control$fDuane McRuer, Irving Ashkenas, Dunstan Graham 210 $aPrinceton$cPrinceton university$d1973, - XXV$d784 p. ; 25 cm. 620 $aUS$dPrinceton$3SUNL000078 700 1$aMcRuer$b, Duane$3SUNV029934$0316055 701 1$aAshkenas$b, Irving$3SUNV029935$0316056 701 1$aGraham$b, Dustan$3SUNV029936$0727762 712 $aPrinceton university$3SUNV000300$4650 801 $aIT$bSOL$c20181109$gRICA 912 $aSUN0035455 950 $aUFFICIO DI BIBLIOTECA DEI DIPARTIMENTI DI INGEGNERIA$d05 CONS C III 016 $e05 900 950 $aUFFICIO DI BIBLIOTECA DEI DIPARTIMENTI DI INGEGNERIA$d05 CONS C III 130 $e05 3135 995 $aUFFICIO DI BIBLIOTECA DEI DIPARTIMENTI DI INGEGNERIA$bIT-CE0100$h900$kCONS C III 016$oc$qa 995 $aUFFICIO DI BIBLIOTECA DEI DIPARTIMENTI DI INGEGNERIA$bIT-CE0100$h3135$kCONS C III 130$oc$qa 996 $aAircraft dynamics and automatic control$91422825 997 $aUNICAMPANIA